[Event "Corporacion del Sur A"]
[Site "Buenos Aires ARG"]
[Date "2006.10.11"]
[Round "9"]
[White "Flores,Di"]
[Black "Fier,A"]
[Result "1-0"]
[WhiteElo "2512"]
[BlackElo "2490"]

1.d4 Nf6 2.c4 c6 3.Nc3 d5 4.Nf3 dxc4 5.a4 Bf5 6.e3 e6 7.Bxc4 Be7 8.O-O O-O
9.Nh4 Bg6 10.Nxg6 hxg6 11.e4 Nbd7 12.Be3 Bb4 13.e5 Nd5 14.Nxd5 cxd5 15.Bd3 Nb6
16.b3 Rc8 17.a5 Nd7 18.a6 bxa6 19.Rxa6 Rc7 20.Qg4 Nb8 21.Rxe6 Qc8 22.Rxg6 fxg6
23.Qxg6 Rc6 24.Qh7+ Kf7 25.Qh5+ Ke7 26.Qg5+ Ke8 27.Bg6+ Kd7 28.e6+ Kc7 29.e7 Re8
30.Bf4+ Bd6 31.Re1 Kb7 32.Bxe8 Qxe8 33.Bxd6 Rxd6 34.Qxg7 Nd7 35.h4 Nf6 36.Qf8 Rb6
37.Re3 a5 38.Rf3 Qg6 39.Rxf6 Rxf6 40.e8=Q Qb1+ 41.Kh2 Rxf8 42.Qxf8 Qxb3 43.h5 Qd1
44.Qf7+ Kc6 45.Qe6+ Kb5 46.Qxd5+ Kb4 47.h6 Qg4 48.g3 Qg6 49.Qb7+ Ka3 50.h7 Qh6+
51.Kg2 a4 52.Qe7+ Kb2 53.Qh4 Qc6+ 54.d5  1-0

[Event "IRT5"]
[Site "Sao Paulo BRA"]
[Date "2006.10.15"]
[Round "7"]
[White "Galati,M"]
[Black "Jukemura,R"]
[Result "1-0"]
[WhiteElo "2206"]
[BlackElo "2026"]

1.d4 d5 2.Nf3 Nf6 3.c4 c6 4.Nc3 dxc4 5.a4 Bf5 6.e3 e6 7.Bxc4 Bb4 8.O-O Nbd7
9.Qe2 O-O 10.e4 Bg6 11.e5 Nd5 12.Nxd5 cxd5 13.Bd3 Rc8 14.Ng5 Be7 15.Nh3 Qb6
16.Bxg6 hxg6 17.Be3 Rc4 18.Nf4 Rfc8 19.h4 g5 20.hxg5 Bxg5 21.Nh5 Bxe3 22.fxe3 Nf8
23.Qg4 Ng6 24.Rxf7 Rc1+ 25.Rf1 Rxa1 26.Rxa1 Kh7 27.Rf1 Qxb2 28.Nf6+ gxf6
29.Qh5+ Kg7 30.exf6+  1-0

[Event "WYG16"]
[Site "Batumi GEO"]
[Date "2006.10.22"]
[Round "4"]
[White "Khazhomia,S"]
[Black "Tsirulnik,Mari"]
[Result "0-1"]
[WhiteElo "2121"]
[BlackElo "2055"]

1.d4 d5 2.Nf3 Nf6 3.c4 c6 4.Nc3 dxc4 5.a4 Bf5 6.e3 e6 7.Bxc4 Bb4 8.O-O Nbd7
9.Qe2 O-O 10.Bd3 Bxd3 11.Qxd3 a5 12.Rd1 c5 13.Nb5 cxd4 14.exd4 Nb6 15.Bf4 Nbd5
16.Bg3 Nh5 17.Be5 f6 18.Bg3 Nxg3 19.hxg3 Qd7 20.Nd2 Bxd2 21.Rxd2 Rac8 22.Re1 Rc6
23.Rde2 Re8 24.Qb3 Rb6 25.Qc2 Rc8 26.Qe4 Rc4 27.b3 Nc3 28.bxc4 Nxe4 29.Rxe4 h6
30.c5 Rc6 31.Nd6 b6 32.Rc1 bxc5 33.dxc5 e5 34.Rec4 f5 35.Rb1 Qe6 36.Rcc1 Qd5
37.Nb7 Qd2 38.Nd6 Qd3 39.Nb7 Kh7 40.Rb5 Qa3 41.Rcb1 Qxa4 42.Rxa5 Qe4 43.Rc1 Qb4
44.Ra7 Rc7 45.c6 Qb6 46.Raa1 Rxc6 47.Rxc6 Qxc6 48.Rb1 Qe4 49.Rb2 Qd4 50.Rb1 e4  0-1

[Event "TCh-BEL 2006-7"]
[Site "Belgium BEL"]
[Date "2006.10.22"]
[Round "2"]
[White "Eliet,N"]
[Black "Diepeveen,V"]
[Result "1-0"]
[WhiteElo "2434"]
[BlackElo "2275"]

1.d4 d5 2.c4 c6 3.Nc3 Nf6 4.Nf3 dxc4 5.a4 Bf5 6.Nh4 e6 7.Nxf5 exf5 8.e3 Bd6
9.Bxc4 O-O 10.h3 Ne4 11.O-O Qh4 12.Nxe4 fxe4 13.Qb3 b6 14.Bd2 Nd7 15.Rfc1 Rae8
16.Be1 Qh5 17.Kf1 c5 18.Qb5 Rd8 19.a5 Nf6 20.Be2 Qd5 21.axb6 axb6 22.Bc4 Qh5
23.Bc3 Rb8 24.Ra7 Ng4 25.Ke1 Nf6 26.Rca1 cxd4 27.Qxh5 Nxh5 28.Bxd4 Bc5 29.Rd1 Bb4+
30.Ke2 Rbc8 31.Bb3 b5 32.Rb7 Rb8 33.Bxf7+ Rxf7 34.Rxb8+  1-0

[Event "14th Chigorin Mem B"]
[Site "St-Petersburg RUS"]
[Date "2006.10.26"]
[Round "5"]
[White "Glazov,A"]
[Black "Astanovsky,K"]
[Result "0-1"]
[WhiteElo "2028"]
[BlackElo "2099"]

1.d4 d5 2.c4 c6 3.Nf3 Nf6 4.Nc3 dxc4 5.a4 Bf5 6.e3 e6 7.Bxc4 Bb4 8.O-O O-O
9.Qb3 Qb6 10.Nh4 Bg6 11.Nxg6 hxg6 12.Bd2 Nbd7 13.Rad1 Rfd8 14.Rfe1 c5 15.d5 Bxc3
16.Bxc3 exd5 17.Bxd5 Nxd5 18.Qxd5 Nf6 19.Qf3 Qb3 20.h3 b6 21.e4 Rxd1 22.Rxd1 Nxe4
23.Rd7 Qe6 24.Qd3 Nf6 25.Rc7 Nd5 26.Rb7 Qc6 27.Qa6 Nc7 28.Rxc7 Qxc7 29.a5 Rd8
30.Qe2 Qd6 31.Qa6 Qc7 32.Qe2 Qd7 33.Qa6 b5 34.Be5 Qe6 35.Qxe6 fxe6 36.Kf1 Rd2
37.g3 b4 38.h4 a6 39.Kg2 c4 40.Kf3 c3 41.bxc3 b3 42.Ke3 Rd5  0-1

[Event "14th Chigorin Mem"]
[Site "St-Petersburg RUS"]
[Date "2006.10.27"]
[Round "6"]
[White "Lutsko,I"]
[Black "Nadeev,S"]
[Result "1/2-1/2"]
[WhiteElo "2489"]
[BlackElo "2305"]

1.d4 d5 2.c4 c6 3.Nc3 Nf6 4.Nf3 dxc4 5.a4 Bf5 6.e3 e6 7.Bxc4 Bb4 8.O-O O-O
9.Qe2 Nbd7 10.e4 Bg6 11.Bd3 Bh5 12.e5 Nd5 13.Nxd5 cxd5 14.Qe3 Be7 15.Bd2 Nb8
16.a5 a6 17.Ng5 Bxg5 18.Qxg5 Qxg5 19.Bxg5 Nc6 20.Ra4 Bg6 21.Bxg6 fxg6 22.Rc1 Rac8
23.Kf1 Na7 24.Raa1 Rxc1+ 25.Rxc1 Nc6 26.Be3 Nxa5 27.Rc7 Rf7 28.Rc8+ Rf8 29.Rc7 Rf7
30.Rc8+ Rf8 31.Rc7 Rf7 32.Rc8+  1/2-1/2

[Event "14th Chigorin Mem"]
[Site "St-Petersburg RUS"]
[Date "2006.10.28"]
[Round "7"]
[White "Mingachev,M"]
[Black "Pankov,Ger"]
[Result "1-0"]
[WhiteElo "2406"]
[BlackElo "2341"]

1.d4 d5 2.c4 c6 3.Nc3 Nf6 4.Nf3 dxc4 5.a4 Bf5 6.e3 e6 7.Bxc4 Bb4 8.O-O O-O
9.Qe2 Ne4 10.Nxe4 Bxe4 11.Rd1 Nd7 12.Bd2 a5 13.Bxb4 axb4 14.Bd3 Bxf3 15.Qxf3 Ra5
16.e4 Qf6 17.Qe3 Rfa8 18.b3 e5 19.dxe5 Nxe5 20.Rac1 g6 21.Be2 Qe6 22.f4 Ng4
23.Qb6 Nf6 24.e5 Nd5 25.Qd4 Qf5 26.Rf1 Rd8 27.Bc4 Rd7 28.Rce1 c5 29.Qf2 Nc7
30.h3 h5 31.Qe2 Rd4 32.Qf3 Ra7 33.Rd1 Ne6 34.Bxe6 Qxe6 35.Rxd4 cxd4 36.Rd1 b5
37.axb5 Ra3 38.Rd3 Ra1+ 39.Kh2 Qc8 40.b6 Qc1 41.Rd1 Qxd1 42.Qxd1 Rxd1 43.b7  1-0

[Event "Open A"]
[Site "Le Touquet FRA"]
[Date "2006.10.30"]
[Round "4"]
[White "Marzolo,C"]
[Black "Savchenko,S"]
[Result "1/2-1/2"]
[WhiteElo "2483"]
[BlackElo "2532"]

1.d4 d5 2.c4 c6 3.Nc3 Nf6 4.Nf3 dxc4 5.a4 Bf5 6.Ne5 e6 7.g3 Bb4 8.Bg2 Be4
9.f3 Bg6 10.e4 c5 11.Be3 cxd4 12.Qxd4 Qxd4 13.Bxd4 O-O 14.O-O-O Rc8 15.h4 h6
16.Bh3 Re8 17.Bf1  1/2-1/2

[Event "Petersburg Autumn"]
[Site "St Petersburg RUS"]
[Date "2006.10.31"]
[Round "1"]
[White "Korennoi,V"]
[Black "Chernov,Vl3"]
[Result "0-1"]
[WhiteElo "2199"]
[BlackElo "2011"]

1.d4 d5 2.c4 c6 3.Nc3 Nf6 4.Nf3 dxc4 5.a4 Bf5 6.Ne5 Nbd7 7.Nxc4 Nb6 8.e3 e6
9.Qb3 Be7 10.a5 Nxc4 11.Bxc4 Rb8 12.O-O O-O 13.Rd1 b5 14.axb6 axb6 15.Be2 Qc7
16.Bf3 Bg4 17.Be2 Bxe2 18.Nxe2 Bd6 19.h3 Ra8 20.Bd2 Ne4 21.Be1 Rxa1 22.Rxa1 Qb7
23.Qa4 b5 24.Qc2 c5 25.f3 Ng5 26.dxc5 Rc8 27.b4 Nxf3+ 28.gxf3 Qxf3 29.Nd4 Qxe3+
30.Qf2 Qg5+ 31.Qg2 Qe5 32.Bf2 Bf8 33.Re1 Qh5 34.Qg4 Qd5 35.Nxb5 Rb8 36.Nd6 Bxd6
37.cxd6 Qxd6 38.Bd4 Qf8 39.Bc5 Qc8 40.Re2 Qd7 41.Rg2 f5 42.Qc4 Rd8 43.Re2 Kf7
44.b5 Rc8 45.Qd4 Qc7 46.Re5 Rd8 47.b6 Qb8 48.Qe3 Rd1+ 49.Kf2 Qd8 50.Bb4 Rb1
51.Ba5 Qh4+ 52.Ke2 Qc4+ 53.Kf2 f4 54.Qe2 Qd4+ 55.Kf3 Rb3+ 56.Kg4 Rg3+ 57.Kh4 g5+
58.Kh5 f3 59.Re4 Rxh3+ 60.Kg4 Qg1+ 61.Kxh3 fxe2 62.Rxe2 Qh1+ 63.Kg3 Qh4+
64.Kg2 Qg4+ 65.Kf1 Qh3+ 66.Kg1 Qg4+ 67.Kf1 Qh3+ 68.Kg1 Qg3+ 69.Kf1 Qd3 70.Be1 Qb5
71.Bf2 g4 72.Bd4 g3 73.Ke1 Qb4+ 74.Rd2 g2 75.Bg1 h5 76.Be3 h4 77.Kf2 h3 78.Rd7+ Ke8
79.Rd1 Qh4+ 80.Kg1 Qg3  0-1

[Event "Petersburg Autumn"]
[Site "St Petersburg RUS"]
[Date "2006.11.01"]
[Round "2"]
[White "Chernov,Yurij"]
[Black "Pankov,Ger"]
[Result "1/2-1/2"]
[WhiteElo "2160"]
[BlackElo "2341"]

1.d4 d5 2.c4 c6 3.Nf3 Nf6 4.Nc3 dxc4 5.a4 Bf5 6.e3 e6 7.Bxc4 Bb4 8.O-O O-O
9.Qe2 Ne4 10.Nxe4 Bxe4 11.Rd1 Nd7 12.Bd2 Qa5 13.Bxb4 Qxb4 14.Ng5 Bg6 15.Bd3 Bxd3
16.Qxd3 Nf6 17.b3 Rad8 18.Nf3 Qe7 19.Rac1 Nd7 20.Qc3 Rfe8 21.Qa5 a6 22.Qc7 Qb4
23.Rd3 Rc8 24.Qf4 Qe7 25.e4 Nf6 26.h3 Red8 27.Rdc3 Qb4 28.Qe5 Rd7 29.g4 Rcd8
30.Kg2 Re7 31.Rd3 Red7 32.Rc4 Qe7 33.a5 Ne8 34.Qf4 Nd6 35.Rc2 Nb5 36.Rcd2 Qf8
37.e5 Qb4 38.Ng5 h6 39.Nf3 Qe7 40.Rc2 Rd5 41.Qe4 R8d7 42.h4 Qd8 43.Rc4 g6
44.b4 Kg7 45.Kg3 Qb8 46.Qf4 Qd8 47.Kg2 Nc7 48.Nd2 Nb5 49.Nf3 Qe7 50.Kg3 Qd8
51.Kh3 Kh7  1/2-1/2

[Event "TCh-AUT 2006-7"]
[Site "Graz AUT"]
[Date "2006.11.03"]
[Round "1"]
[White "Ruck,R"]
[Black "Gustafsson,J"]
[Result "1/2-1/2"]
[WhiteElo "2526"]
[BlackElo "2584"]

1.Nf3 d5 2.d4 Nf6 3.c4 c6 4.Nc3 dxc4 5.a4 Bf5 6.Ne5 e6 7.f3 c5 8.e4 Bg6 9.Be3 cxd4
10.Qxd4 Qxd4 11.Bxd4 Nfd7 12.Nxd7 Nxd7 13.Bxc4 a6 14.Ke2 Rg8 15.h4 h5 16.Rhd1 Rc8
17.Bb3 Bb4 18.Rac1 Ke7 19.Na2 Bc5  1/2-1/2

[Event "TCh-AUT 2006-7"]
[Site "Graz AUT"]
[Date "2006.11.03"]
[Round "1"]
[White "Babula,V"]
[Black "Lehner,O"]
[Result "1-0"]
[WhiteElo "2584"]
[BlackElo "2421"]

1.d4 d5 2.c4 c6 3.Nf3 Nf6 4.Nc3 dxc4 5.a4 Bf5 6.Ne5 Nbd7 7.Nxc4 Nd5 8.g3 e5
9.Bg2 exd4 10.Qxd4 Qf6 11.Qxf6 N7xf6 12.Nxd5 cxd5 13.Ne3 Bb4+ 14.Bd2 Bxd2+
15.Kxd2 Be4 16.f3 Bg6 17.Rhc1 Kd7 18.Nc2 Kd6 19.Nd4 a6 20.Bh3 h5 21.Ra3 h4
22.Bf5 hxg3 23.hxg3 Nd7 24.Rb3 Rab8 25.g4 Rhd8 26.a5 Ke5 27.Bxd7 Kxd4 28.Rc7 Ke5
29.Rb6 Kf4 30.b4 d4 31.Rbxb7 Ke5 32.b5 axb5 33.a6 Ra8 34.a7 b4 35.Rxb4 Kd6
36.Rcb7 Kd5  1-0

[Event "TCh-BEL 2006-7"]
[Site "Belgium BEL"]
[Date "2006.11.05"]
[Round "3"]
[White "Gryson,W"]
[Black "Dal Borgo,A"]
[Result "1/2-1/2"]
[WhiteElo "1951"]
[BlackElo "2172"]

1.d4 d5 2.c4 c6 3.Nf3 Nf6 4.Nc3 dxc4 5.a4 Bf5 6.Nh4 e6 7.Nxf5 exf5 8.e3 Be7
9.Bxc4 O-O 10.O-O a5 11.b3 Na6 12.Bb2 Nb4 13.Qf3 Qd7 14.Rfd1 Rad8 15.d5 cxd5
16.Ne2 Qc8 17.Bb5 g6 18.Nf4 Ne4 19.Rac1 Qb8 20.Ba3 Qe5 21.g3 Bc5 22.Kg2 b6
23.Rb1 Ng5 24.Qe2 Ne6 25.Bb2 Nxf4+ 26.gxf4 Qe4+ 27.Qf3 Qxf3+ 28.Kxf3 f6 29.Rd2 Rd6
30.Rbd1 Rfd8 31.Bc3 Kf8 32.Bf1 Nc6 33.Bb2 d4 34.Bc4 dxe3 35.Rxd6 Rxd6 36.Rxd6 Bxd6
37.fxe3 Ke7 38.h3 Nd8 39.Bd4 Bc5 40.Bc3 Nb7 41.Bd5 Nd6 42.Bc6 g5 43.Bd5 h5
44.Bd2 g4+ 45.Kg3 Nf7 46.hxg4 hxg4 47.Bc1 Bb4 48.Bb2 Nd6 49.Bc6 Ke6 50.Bg2 Be1+
51.Kh2 b5 52.Bd4 bxa4 53.bxa4 Bd2 54.Kg1 Ne4 55.Kf1 Bc3 56.Bxe4 Bxd4 57.Bb7 Bxe3
58.Bc8+ Kd5 59.Bxf5 g3 60.Kg2 Bxf4 61.Bd7  1/2-1/2

[Event "TCh-AUT 2006-7"]
[Site "Graz AUT"]
[Date "2006.11.05"]
[Round "3"]
[White "Miniboeck,G"]
[Black "Diermair,A"]
[Result "1/2-1/2"]
[WhiteElo "2344"]
[BlackElo "2377"]

1.d4 Nf6 2.c4 c6 3.Nc3 d5 4.Nf3 dxc4 5.a4 Bf5 6.e3 e6 7.Bxc4 Bb4 8.O-O Nbd7
9.Qe2 O-O 10.e4 Bg6 11.Bd3 h6 12.h3 Re8 13.Bf4 Rc8 14.Rfd1 a6 15.Rac1 Qa5
16.Nd2 b5 17.Nf3 Bf8 18.Ne5  1/2-1/2

[Event "TCh-ROM Divizia A Feminin"]
[Site "Predeal ROM"]
[Date "2006.11.06"]
[Round "3"]
[White "Zhukova,N"]
[Black "Velcheva,M"]
[Result "1-0"]
[WhiteElo "2456"]
[BlackElo "2295"]

1.d4 d5 2.c4 c6 3.Nf3 Nf6 4.Nc3 dxc4 5.a4 Bf5 6.Ne5 Nbd7 7.Nxc4 Nb6 8.Ne5 a5
9.Bg5 Nbd5 10.Qb3 Qb6 11.Qxb6 Nxb6 12.f3 Nfd7 13.Nxd7 Nxd7 14.e4 Bg6 15.O-O-O f6
16.Bh4 e5 17.dxe5 fxe5 18.Nb5 cxb5 19.Bxb5 Rc8+ 20.Kb1 Rc6 21.Rd5 Be7 22.Bxe7 Kxe7
23.Rhd1 Rd8 24.Bxc6 bxc6 25.Rxa5 Be8 26.Ra7 Rb8 27.a5 Ke6 28.Rc7 Nc5 29.Rxg7 Rb5
30.Rxh7 Rxa5 31.h4 Nb3 32.Rd8 Ra1+ 33.Kc2 Nd4+ 34.Kd2 Bf7 35.Rf8 Ra7 36.Rh6+ Ke7
37.Rxf7+  1-0

[Event "Petersburg Autumn"]
[Site "St Petersburg RUS"]
[Date "2006.11.08"]
[Round "9"]
[White "Chernov,Yurij"]
[Black "Svidinsky,D"]
[Result "1-0"]
[WhiteElo "2160"]
[BlackElo "2016"]

1.d4 d5 2.c4 c6 3.Nf3 Nf6 4.Nc3 dxc4 5.a4 Bf5 6.e3 e6 7.Bxc4 Bb4 8.O-O Nbd7
9.Qe2 Bg6 10.Rd1 Qc7 11.Bd2 O-O 12.Na2 Bd6 13.Bb4 h6 14.Bxd6 Qxd6 15.Nc3 Ne4
16.Nd2 Nxd2 17.Rxd2 Nf6 18.e4 Qb4 19.Bd3 Rfd8 20.e5 Bxd3 21.Qxd3 Nd5 22.Ne4 Nf4
23.Qe3 Ng6 24.b3 Rd5 25.Rc1 Rad8 26.Rc4 Qa3 27.f4 Nh4 28.g4 h5 29.h3 Qa1+
30.Kf2 hxg4 31.hxg4 Kf8 32.Kg3 Ng6 33.Nc3 R5d7 34.Kg2 Ke7 35.Ra2 Nh4+ 36.Kg3 Qf1
37.Rh2 Rh8 38.Ne4 Rdd8 39.Rc1  1-0

[Event "10th OIBM"]
[Site "Bad Wiessee GER"]
[Date "2006.11.10"]
[Round "7"]
[White "Postny,E"]
[Black "Al Modiahki,M"]
[Result "0-1"]
[WhiteElo "2609"]
[BlackElo "2550"]

1.d4 d5 2.c4 c6 3.Nf3 Nf6 4.Nc3 dxc4 5.a4 Bf5 6.Ne5 Nbd7 7.Nxc4 Qc7 8.Bg5 e5
9.Bxf6 gxf6 10.e3 Bb4 11.Bd3 e4 12.Be2 Rg8 13.g3 O-O-O 14.Nd2 a5 15.Qc2 Bg6
16.O-O f5 17.Rfc1 Nb6 18.Na2 Nd5 19.Nxb4 Nxb4 20.Qc5 Kb8 21.Nb3 Rd5 22.Qc3 h5
23.h4 f6 24.Kh2 Bf7 25.Ra3 f4 26.exf4 Rf5 27.Qd2 Nd5 28.Nc5 Nxf4 29.Nxe4 Ng6
30.Rf3 Nxh4 31.Rxf5 Nxf5 32.Bc4 Bxc4 33.Rxc4 h4 34.Qf4 Qxf4 35.gxf4 Rg4 36.Rc5 Rxf4
37.Kg2 Nxd4 38.Nc3 Nb3 39.Rh5 Kc7 40.f3 Nd4 41.Ne4 Nxf3 42.Rh7+ Kb6 43.Nd6 Ng5
44.Rxb7+ Kc5  0-1

[Event "10th OIBM"]
[Site "Bad Wiessee GER"]
[Date "2006.11.12"]
[Round "9"]
[White "Gonzales,Jay"]
[Black "Krivoshey,S"]
[Result "1-0"]
[WhiteElo "2418"]
[BlackElo "2484"]

1.d4 d5 2.c4 c6 3.Nf3 Nf6 4.Nc3 dxc4 5.a4 Bf5 6.Ne5 Nbd7 7.Nxc4 Qc7 8.g3 e5
9.dxe5 Nxe5 10.Bf4 Nfd7 11.Bg2 g5 12.Bxe5 Nxe5 13.Qd4 f6 14.O-O-O Bg6 15.h4 Bf7
16.Ne3 Rd8 17.Qxa7 Be7 18.Rxd8+ Bxd8 19.hxg5 fxg5 20.Be4 h5 21.Bf5 h4 22.Qd4 Rg8
23.Bh7 Rh8 24.Bc2 Rg8 25.Nf5 Kf8 26.gxh4 gxh4 27.Qc5+ Be7 28.Qxe7+ Qxe7 29.Nxe7 Kxe7
30.Rxh4 Rg1+ 31.Nd1 c5 32.Kd2 Nc4+ 33.Kc3 Nb6 34.Ne3 Re1 35.Kd2 Ra1 36.b3 Nd7
37.Nf5+ Kf6 38.Rh6+ Ke5 39.e3  1-0

[Event "TCh-ROM Divizia A Masculin"]
[Site "Predeal ROM"]
[Date "2006.11.12"]
[Round "9"]
[White "Dinu,DD"]
[Black "Nemes,S"]
[Result "1-0"]
[WhiteElo "2348"]
[BlackElo "2066"]

1.d4 d5 2.c4 c6 3.Nc3 Nf6 4.Nf3 dxc4 5.a4 Bf5 6.e3 e6 7.Bxc4 Bb4 8.O-O Nbd7
9.Nh4 Bg4 10.f3 Bh5 11.g3 O-O 12.Qb3 Be7 13.Bd2 Qb6 14.Rad1 Rad8 15.Qa2 Bb4
16.g4 Bg6 17.Nxg6 hxg6 18.g5 Ne8 19.Ne4 Bxd2 20.Rxd2 Qb4 21.Qb3 Qa5 22.Qc3 Qxc3
23.bxc3 Nb6 24.Bb3 Nd5 25.Kf2 b5 26.axb5 cxb5 27.Ra1 f5 28.Nc5 Rd6 29.Nxe6 Rf7
30.Nf4  1-0

[Event "Open"]
[Site "Liberec CZE"]
[Date "2006.11.13"]
[Round "3"]
[White "Vales,V"]
[Black "Adamek,Pr"]
[Result "1/2-1/2"]
[WhiteElo "2170"]
[BlackElo "1946"]

1.d4 d5 2.Nf3 c6 3.c4 Nf6 4.Nc3 dxc4 5.a4 Bf5 6.Ne5 Nbd7 7.Nxc4 Qc7 8.g3 e5
9.dxe5 Nxe5 10.Bf4 Nfd7 11.Qd4 f6 12.Rd1 Bc5 13.Bxe5 fxe5 14.Nd6+ Bxd6 15.Qxd6 Qxd6
16.Rxd6 Ke7 17.Rd2 Rad8 18.Bg2 Nc5 19.b4 Rxd2 20.Kxd2 Nb3+ 21.Ke3 Nd4  1/2-1/2

[Event "Open"]
[Site "Liberec CZE"]
[Date "2006.11.13"]
[Round "3"]
[White "Haba,Z"]
[Black "Ester,L"]
[Result "1-0"]
[WhiteElo "2207"]
[BlackElo "2000"]

1.d4 d5 2.c4 c6 3.Nf3 Nf6 4.Nc3 dxc4 5.a4 Bf5 6.e3 e6 7.Bxc4 Bb4 8.O-O Nbd7
9.Qe2 Nb6 10.Bb3 Ne4 11.Na2 Be7 12.Ne5 h6 13.f3 Nf6 14.Rd1 O-O 15.e4 Bh7
16.Be3 Nbd7 17.Nc4 b5 18.Ne5 Qb6 19.Rac1 c5 20.Nxd7 Nxd7 21.Qxb5 Qxb5 22.axb5 Rfc8
23.d5 e5 24.d6 Bd8 25.Bd5 Rab8 26.Bc6 Nf8 27.d7 Rxc6 28.bxc6 Ne6 29.Bxc5 Nxc5
30.Rxc5 Bc7 31.Rxe5  1-0

[Event "RGSU GM"]
[Site "Moscow RUS"]
[Date "2006.11.17"]
[Round "12"]
[White "Bagirov,R"]
[Black "Kunin,V"]
[Result "1/2-1/2"]
[WhiteElo "2504"]
[BlackElo "2492"]

1.d4 Nf6 2.Nf3 d5 3.c4 c6 4.Nc3 dxc4 5.a4 Bf5 6.e3 e6 7.Bxc4 Bb4 8.O-O Nbd7
9.Nh4 Bg6 10.Qb3 a5 11.Nxg6 hxg6  1/2-1/2

[Event "TCh-BEL 2006-7"]
[Site "Belgium BEL"]
[Date "2006.11.19"]
[Round "4"]
[White "Tjiam,D"]
[Black "Becker,Marce"]
[Result "0-1"]
[WhiteElo "2391"]
[BlackElo "2361"]

1.d4 d5 2.c4 c6 3.Nf3 Nf6 4.Nc3 dxc4 5.a4 Bf5 6.e3 e6 7.Bxc4 Bb4 8.O-O O-O
9.Nh4 Nbd7 10.Nxf5 exf5 11.Ne2 a5 12.Bd2 Bd6 13.Ng3 Bxg3 14.hxg3 Ne4 15.Be1 Qg5
16.Qf3 Ndf6 17.Qf4 Qg6 18.Rc1 Rfd8 19.Qh4 Nd5 20.Bd3 Re8 21.Be2 Qd6 22.Qh3 g6
23.g4 f4 24.Bc4 fxe3 25.fxe3 Qe6 26.Bh4 g5 27.Be1 Nd6 28.Ba2 Qxe3+ 29.Qxe3 Rxe3
30.Bd2 Rg3 31.Bxd5 cxd5 32.Bxg5 Rxg4 33.Be7 Nc4 34.Rf2 Re8 35.Bf6 Re3 36.Rcc2 h6
37.Kh2 Kh7 38.Bd8 Kg8 39.Bf6 Kh7 40.Bd8 Kg6 41.Rf6+ Kg7 42.Rf5 Reg3 43.Rcf2 Rxg2+
44.Rxg2 Rxg2+ 45.Kxg2 Ne3+ 46.Kf2 Nxf5 47.Bxa5 Kf8 48.Bb6 Ng7 49.Bd8 Ke8
50.Bf6 Nf5 51.Kf3 Kd7 52.Kg4 Ke6 53.Be5 Ne3+ 54.Kf4 Nc4 55.b4 Nxe5 56.dxe5 d4
57.Ke4 d3 58.Kxd3 Kxe5 59.Kc4 h5 60.b5 h4 61.a5 h3 62.a6 bxa6 63.b6 Kd6  0-1

[Event "1st GMA Cup"]
[Site "Manila PHI"]
[Date "2006.11.21"]
[Round "7"]
[White "Makinano,A"]
[Black "Quizon,L"]
[Result "1-0"]
[WhiteElo "2337"]
[BlackElo "2077"]

1.d4 d5 2.c4 c6 3.Nc3 Nf6 4.Nf3 dxc4 5.a4 Bf5 6.Ne5 e6 7.Nxc4 Na6 8.g3 Nb4
9.Na3 e5 10.dxe5 Qxd1+ 11.Nxd1 Ng4 12.Bh3 O-O-O 13.O-O Bc5 14.Bg5 Rd7 15.Rc1 b6
16.Rc4 Ne3 17.Bxf5 Nxf5 18.Nc3 h6 19.Bf4 g5 20.Bc1 Re8 21.Re4 Rde7 22.Nc4 Nd5
23.e3 Nxc3 24.bxc3 Ng7 25.f3 Kc7 26.Rd1 Rd8 27.Rxd8 Kxd8 28.Kf1 Kc7 29.Ke2 Ne8
30.Ba3 Bxa3 31.Nxa3 b5 32.axb5 cxb5 33.Nxb5+ Kb6 34.Na3 Nc7 35.f4 Nd5 36.Kd2 g4
37.Rd4 Kc5 38.Nc4 Rb7 39.e4 Ne7 40.Kc2 Nc6 41.Nd6 Rd7 42.Rd5+ Kb6 43.Nf5  1-0

[Event "ch-ESP Abierto"]
[Site "Leon ESP"]
[Date "2006.11.22"]
[Round "1"]
[White "Santos Latasa,J"]
[Black "Fernandez Siles,L"]
[Result "1/2-1/2"]
[WhiteElo "1784"]
[BlackElo "2298"]

1.d4 d5 2.c4 c6 3.Nc3 Nf6 4.Nf3 dxc4 5.a4 Bf5 6.Ne5 Nbd7 7.Nxc4 Nb6 8.Ne5 a5
9.f3 Nfd7 10.Nxd7 Nxd7 11.e4 Bg6 12.Be3 Qb6 13.Qd2 e5 14.Be2 exd4 15.Bxd4 Bc5
16.Rd1 O-O 17.O-O Rad8 18.Qe3 Bxd4 19.Qxd4 Nc5 20.Qf2 Qb4 21.Na2 Qxb2 22.Qxc5 Qxe2
23.Nc3 Qa6 24.Rxd8 Rxd8 25.Qe7 Qb6+ 26.Kh1 f6 27.h4 Re8 28.Qd7 Qc5 29.Qd3 Bf7
30.Rb1 Qe7 31.Qd4 Rd8 32.Qb6 f5 33.Qxb7 Qxh4+ 34.Kg1 h6 35.Qb2 Qf4 36.Qb6 Rd2
37.Qb8+ Qxb8 38.Rxb8+ Kh7 39.exf5 Rd3 40.Ne4 Rd5 41.Rb7 Kg8 42.Rb8+ Kh7 43.Rb7 Kg8
44.Rb8+  1/2-1/2

[Event "FSGM December"]
[Site "Budapest HUN"]
[Date "2006.12.02"]
[Round "12"]
[White "Hoang Thanh Trang"]
[Black "Banusz,T"]
[Result "1-0"]
[WhiteElo "2470"]
[BlackElo "2450"]

1.d4 d5 2.c4 c6 3.Nf3 Nf6 4.Nc3 dxc4 5.a4 Bf5 6.e3 e6 7.Bxc4 Bb4 8.O-O Nbd7
9.Qb3 a5 10.Na2 Bd6 11.Qxb7 Rb8 12.Qa6 Be4 13.Be2 Ng4 14.g3 Ra8 15.Qc4 Qf6
16.Nd2 Bd5 17.Qc2 Nxh2 18.e4 Nxf1 19.Nxf1 Bxa2 20.Qxc6 Ke7 21.Bb5 Rhd8 22.e5 Bxe5
23.dxe5 Qxe5 24.Bf4 Qxb2 25.Rd1 Bd5 26.Qd6+ Ke8 27.Ne3 Qb4 28.Nxd5 exd5 29.Qxd5 Qe7
30.Bd6 Qe6 31.Bxd7+ Rxd7 32.Qxa8+ Rd8 33.Qc6+ Rd7 34.Qb5 f6 35.Bc7  1-0

[Event "XV Asiad Men's Rapid"]
[Site "Doha QAT"]
[Date "2006.12.02"]
[Round "3"]
[White "Harikrishna,P"]
[Black "Hossain,Enam"]
[Result "1/2-1/2"]
[WhiteElo "2674"]
[BlackElo "2503"]

1.d4 Nf6 2.Nf3 d5 3.c4 c6 4.Nc3 dxc4 5.a4 Bf5 6.e3 e6 7.Bxc4 Nbd7 8.O-O Bb4
9.Qe2 O-O 10.e4 Bg6 11.Bd3 h6 12.h3 Re8 13.Bf4 Rc8 14.Rfd1 a6 15.Rac1 Qa5
16.Nd2 b5 17.Nb3 Qd8 18.Na2 Bf8 19.Bd2 Qb6 20.Ba5 Qa7 21.Bb4 bxa4 22.Nc5 a5
23.Ba3 Nxc5 24.dxc5 Red8 25.Qe3 e5 26.Bc2 Rxd1+ 27.Rxd1 Nd5 28.Qd2 Nf4 29.Qd7 Rc7
30.Qd2 Rc8 31.Qd7 Rc7 32.Qd2 Ne6 33.Nc3 Bxc5 34.Bxc5 Qxc5 35.Nxa4 Qb4 36.Qd6 Qxd6
37.Rxd6 Kf8 38.Rd1 Rb7 39.Ra1 Ke7 40.f3 Nd4 41.Bd3 Kd6 42.Bf1 f6 43.Nc3 Rxb2
44.Rxa5 Rc2 45.Nd1 Be8 46.Ne3 Rc1 47.Kf2 Bd7 48.Nc4+ Ke6 49.Nb6 g5 50.Ra7 Be8
51.Nc8 Bd7 52.Nb6 Be8 53.Rh7 Rc2+ 54.Ke3 h5 55.Bd3 Rxg2 56.Nc8 Bf7 57.Bc4+ Kd7
58.Nb6+ Kd6 59.Rxf7 Kc5 60.Bf1 Nc2+ 61.Kd3 Ne1+ 62.Ke3 Nc2+ 63.Kd3 Ne1+ 64.Ke3  1/2-1/2

[Event "XV Asiad Men's Rapid"]
[Site "Doha QAT"]
[Date "2006.12.02"]
[Round "3"]
[White "Hassan,Ab"]
[Black "Reefat,S"]
[Result "0-1"]
[WhiteElo "2311"]
[BlackElo "2489"]

1.d4 d5 2.Nf3 Nf6 3.c4 c6 4.Nc3 dxc4 5.a4 Bf5 6.e3 e6 7.Bxc4 Bb4 8.O-O O-O
9.Bd2 Qe7 10.Re1 Nbd7 11.e4 Bg6 12.e5 Nd5 13.Nxd5 cxd5 14.Bb5 Nb8 15.Bxb4 Qxb4
16.Qd2 Qxd2 17.Nxd2 a6 18.Be2 Nc6 19.Rec1 Nxd4 20.Bd1 Rfc8 21.Nf3 Nc6 22.Rc5 Nxe5
23.Rac1 Nc4 24.Rxc8+ Rxc8 25.Ne5 Nd6 26.Rxc8+ Nxc8 27.Nxg6 hxg6 28.Kf1 Kf8
29.Ke2 Ke7 30.Kd3 Kd6 31.h4 Ne7 32.g4 e5 33.f3 Nc6 34.Kc3 Kc5 35.Bc2 Nd4
36.Bd1 a5 37.Kd3 Ne6 38.Kc3 Nf4 39.Bc2 Ng2 40.Kd2 Nxh4  0-1

[Event "ch-ROM w"]
[Site "Predeal ROM"]
[Date "2006.12.02"]
[Round "6"]
[White "Dragomirescu,An"]
[Black "Traistaru,T"]
[Result "1/2-1/2"]
[WhiteElo "2237"]
[BlackElo "2126"]

1.d4 d5 2.c4 c6 3.Nf3 Nf6 4.Nc3 dxc4 5.a4 Bf5 6.Ne5 Nbd7 7.Nxc4 Qc7 8.g3 e5
9.dxe5 Nxe5 10.Bf4 Nfd7 11.Qc1 f6 12.Bg2 g5 13.Bxe5 Nxe5 14.Qe3 Be7 15.Nxe5 Qxe5
16.Qxe5 fxe5  1/2-1/2

[Event "XV Asiad Men's Rapid"]
[Site "Doha QAT"]
[Date "2006.12.03"]
[Round "4"]
[White "Moradiabadi,E"]
[Black "Al Modiahki,M"]
[Result "0-1"]
[WhiteElo "2539"]
[BlackElo "2550"]

1.d4 d5 2.c4 c6 3.Nc3 Nf6 4.Nf3 dxc4 5.a4 Bf5 6.e3 e6 7.Bxc4 Nbd7 8.O-O Bb4
9.Qe2 Bg6 10.e4 O-O 11.Bd3 Bh5 12.e5 Nd5 13.Bd2 Be7 14.Nxd5 cxd5 15.Qe3 Bg6
16.Ne1 Nb8 17.f4 Nc6 18.g4 Be4 19.Bc3 Bxd3 20.Nxd3 Rc8 21.Rf3 Re8 22.f5 Bg5
23.Qf2 Bh4 24.Qg2 Qb6 25.a5 Qb5 26.Raf1 Qc4 27.fxe6 fxe6 28.g5 Nxd4 29.Rf4 Bxg5
30.Qxg5 Ne2+ 31.Kh1 Nxf4  0-1

[Event "XV Asiad Men's Rapid"]
[Site "Doha QAT"]
[Date "2006.12.03"]
[Round "6"]
[White "Barsov,A"]
[Black "Bu Xiangzhi"]
[Result "0-1"]
[WhiteElo "2537"]
[BlackElo "2671"]

1.d4 d5 2.c4 c6 3.Nf3 Nf6 4.Nc3 dxc4 5.a4 Bf5 6.Ne5 Nbd7 7.Nxc4 Qc7 8.Bg5 e5
9.e3 Be7 10.Bh4 Be6 11.Bg3 Bxc4 12.Bxc4 O-O 13.O-O Qa5 14.Qb3 exd4 15.exd4 Nb6
16.Be2 Rad8 17.Be5 Qb4 18.Qxb4 Bxb4 19.Bxf6 gxf6 20.a5 Nd5 21.Nxd5 Rxd5 22.a6 b6
23.Bf3 Rxd4 24.Bxc6 Rc8 25.Bf3 Rd2 26.b3 Rc3 27.Rab1 Ra2 28.Rfd1 Bc5 29.Rd7 Rxf2
30.Kh1 Rxb3 31.Rbd1 b5 32.Bd5 Rbb2 33.Rxf7 Rbd2 34.Rd7+ Kh8 35.Re1 Rfe2 36.Rf1 Bb6
37.h3 Rxg2 38.Rxh7+ Kxh7 39.Bxg2 Bd4 40.Rf5 Be5 41.Be4 Kh6 42.Rf3 b4 43.Bc6 Kg5
44.Ba4 f5 45.Kg1 f4 46.Kf1 Bd4 47.Bb5 Be3 48.Bc4 Rc2 49.Bd5 Rd2 50.Bc4 Rd4
51.Bg8 Rd6 52.Bc4 Rc6 53.Bd3 b3 54.Ke2 Rc2+ 55.Ke1 Rd2 56.Bb1 Kh4 57.Bf5 b2
58.Rf1 Kg3 59.h4 f3  0-1

[Event "XV Asiad Men's Rapid"]
[Site "Doha QAT"]
[Date "2006.12.04"]
[Round "8"]
[White "Moradiabadi,E"]
[Black "Hossain,Enam"]
[Result "1-0"]
[WhiteElo "2539"]
[BlackElo "2503"]

1.d4 Nf6 2.Nf3 d5 3.c4 c6 4.Nc3 dxc4 5.a4 Bf5 6.e3 e6 7.Bxc4 Nbd7 8.O-O Bb4
9.Qe2 O-O 10.e4 Bg6 11.Bd3 h6 12.h3 Re8 13.e5 Bxd3 14.Qxd3 Nd5 15.Nxd5 cxd5
16.Nh2 Qb6 17.Ng4 Bf8 18.a5 Qa6 19.Qg3 Kh8 20.Bd2 Rac8 21.Bc3 Nb8 22.f4 Be7
23.f5 exf5 24.Rxf5 Qg6 25.Qf3 Nc6 26.Rxf7 Rf8 27.Rf1 Qe6 28.Ne3 Rxf7 29.Qxf7 Qxf7
30.Rxf7 Kg8 31.e6 Re8 32.Nxd5 Bd6 33.Rxb7 Rxe6 34.Kf2 Rg6 35.b4 Rg5 36.Ne3 Kh7
37.b5 Ne7 38.g4  1-0